La narrativa posmoderna en México /

Análisis de la narrativa mexicana, desde la perspectiva de la literatura de la Onda y la cultura postmoderna internacional. Se abordan autores mexicanos en los que se destacan aspectos como la historia, la metaficción, la totalidad, la parodia, el pastiche, la subversión del discurso dominante.

Αποθηκεύτηκε σε:
Λεπτομέρειες βιβλιογραφικής εγγραφής
Κύριος συγγραφέας: Williams, Raymond L. (autor)
Άλλοι συγγραφείς: Rodríguez, Blanca (autor) (autor)
Μορφή: Βιβλίο
Γλώσσα:Ισπανικά
Έκδοση: Jalapa, México : Universidad Veracruzana, 2002, c2002
Θέματα:
Ετικέτες: Προσθήκη ετικέτας
Δεν υπάρχουν, Καταχωρήστε ετικέτα πρώτοι!

MARC

LEADER 00000nam^a2200000^a^4500
001 000140161
005 20250521000000.0
009 20260310095529.39
020 |a 968-834-577-6 
037 |a Acervo ITESO - Biblioteca 
041 |a ESP 
082 |a 860. 972063  |b WIL 
100 |a Williams, Raymond L.  |e (autor) 
245 1 3 |a La narrativa posmoderna en México /  |c R.L. Williams, B. Rodríguez. 
264 4 |a Jalapa, México :  |b Universidad Veracruzana,  |c 2002, c2002 
300 |a 193 p. 
336 |a texto  |b txt  |2 rdacontenido 
337 |a sin mediación  |b n  |2 rdamedio 
338 |a volumen  |b nc  |2 rdasoporte 
520 |a Análisis de la narrativa mexicana, desde la perspectiva de la literatura de la Onda y la cultura postmoderna internacional. Se abordan autores mexicanos en los que se destacan aspectos como la historia, la metaficción, la totalidad, la parodia, el pastiche, la subversión del discurso dominante. 
649 |a XX 
650 |a Novela Mexicana -  |x Historia y Crítica 
650 |a Novela Latinoamericana -  |x Historia y Crítica 
650 |a Literatura Mexicana -  |y Siglo XX 
650 |a Literatura Mexicana -  |x Historia y Crítica 
650 |a Literatura Latinoamericana -  |x Historia y Crítica 
650 |a Literatura de la Onda 
650 |a Literatura y Sociedad -  |z México 
650 |a Modernismo (Literatura) -  |z México 
650 |a Modernidad y Posmodernidad 
650 |a Poniatowska, Elena 
650 |a Sainz, Gustavo 
650 |a Fuentes, Carlos 
650 |a Villoro, Juan 
650 |a Toscana, David 
650 |a Ramos, Luis Arturo 
600 |a Agustín, José 
700 |a Rodríguez, Blanca  |e (autor) 
910 |a Fondo General 
920 |a Impresos - Libros 
930 |a Colección General 
940 |a Literatura 
905 |a 101 
901 |a 0500068632  |b IT1  |c LIT  |u 20250521 
902 |a https://opac.biblio.iteso.mx/vufind/Record/000140161